Nadi Astrology/ (Record no. 206581)

MARC details
000 -LEADER
fixed length control field 00545nam a2200193 4500
005 - DATE AND TIME OF LATEST TRANSACTION
control field 20241121171345.0
010 ## - LCCN (DPL NO)
LC control number ENG-142269
020 ## - INTERNATIONAL STANDARD BOOK NUMBER
Terms of availability 130.00
International Standard Book Number 8170820162
035 ## - SYSTEM CONTROL NUMBER
System control number EN-125801
037 ## - SOURCE OF ACQUISITION
Source of stock number/acquisition DBAD
082 ## - DEWEY DECIMAL CLASSIFICATION NUMBER
Classification number 133.5
100 ## - MAIN ENTRY--PERSONAL NAME
Personal name Patel, Chandulal S.
245 ## - TITLE STATEMENT
Title Nadi Astrology/
Statement of responsibility, etc By Chandulal S. Patel
250 ## - EDITION STATEMENT
Edition statement First
260 ## - PUBLICATION, DISTRIBUTION, ETC. (IMPRINT)
Place of publication, distribution, etc New Delhi
Name of publisher, distributor, etc Sagar Publications
Date of publication, distribution, etc 1998
270 ## - ADDRESS
Address 72, Janpath, Ved Mansion
City New Delhi
Postal code 110001
300 ## - PHYSICAL DESCRIPTION
Extent 200p.
Dimensions 22cm(hb)
942 ## - ADDED ENTRY ELEMENTS (KOHA)
Source of classification or shelving scheme Dewey Decimal Classification
Item type English Books
Classification part 133.5
Call number suffix PAT
Edition First
Holdings
Withdrawn status Lost status Not for loan Collection code Home library Current library Date acquired Source of acquisition Cost, normal purchase price Full call number Barcode Copy number Cost, replacement price Koha item type
      Non-fiction Bawana Bawana 22/10/2024 DBAD 130.00 133.5 PAT EN-125801 1 130.00 English Books

© Delhi Public Library
Hit Counter
free hit counter